| 000 | 01124nam0a22002651 4500 | ||
|---|---|---|---|
| 001 | rc\2317152 | ||
| 005 | 20260408010740.0 | ||
| 035 | _a(NLR Aleph) 006577460 | ||
| 090 |
_a7010150 _c7010150 |
||
| 100 | _a20110829d1977 |||y0rusy50 ca | ||
| 101 | 0 | _arus | |
| 102 | _aRU | ||
| 105 | _ay z ||||| | ||
| 200 | 1 |
_aПрограмма и тезисы докладов _fАН ГССР. Ин-т фармакохимии им. И. Г. Кутателадзе. XXI Науч. конф., посвящ. 60-летию Октябрьской соц. революции. Сент. 1977 г. |
|
| 210 |
_aТбилиси _cБ. и. _d1977 |
||
| 215 |
_a28 с. _d20 |
||
| 300 | _aПредисл. и огл. парал. на рус. и груз. яз. | ||
| 710 | 0 | 2 |
_aИнститут фармакохимии им. И. Г. Кутателадзе _cТбилиси _bНаучная конференция _d21 _f1977 _3RU\NLR\AUTH\8810172210 _9840244 |
| 801 | 0 |
_aRU _bNLR _gpsbo |
|
| 801 | 1 |
_aRU _bELAR _2rusmarc |
|
| 852 |
_aNLR _j77-4/30867 |
||
| 899 |
_aRuMoRGB _jГруз 95/1523 |
||
| 899 |
_aRuMoRGB _jГруз 95/1524 |
||
| 942 | _cBOOK | ||
| 980 | _aNB | ||